000 01014nam a2200253 a 4500
001 47262
003 BD-RjUL
005 20211209054302.0
008 160807s1979 bg ||||| |||| 00| 0 ben d
020 _c: TK 40.00
035 _a(BD-RjUL)47381
040 _aBD-RjUL
_bben
_cBD-RjUL
041 _aben
082 _223
_a344.01125
_bKHS 1979
100 _aখান, এ. এ.
_9123664
245 1 0 _aশ্রম ও শিল্প আইন (Labour & Industrial law) /
_cএ. এ. খান, বাংলা অনুবাদ : এ. টি. এম. কামরুল ইসলাম
250 _a(ছাত্র সং.)
260 _aঢাকা :
_bখোশরোজ কিতাব মহল,
_c১৯৭৯
300 _a[১৬], ৩৩১ পৃ. ;
_c২১ সেমি
650 _aশ্রম আইন
_9123665
650 _aLabour Law
_9123666
700 _aইসলাম, এ. টি. এম. কামরুল : বাংলা অনুবাদ
_9143871
942 _2ddc
_cBK
999 _c47262
_d47262